[Event "IECG QD.2006.0.00090"]
[Site "IECG email"]
[Date "2006.05.05"]
[Round "?"]
[White "Carbec, Lorient"]
[Black "Gussoni, Michael"]
[Result "1/2-1/2"]
[WhiteElo "1450"]
[BlackElo "1500"]
[PlyCount "76"]
[EventDate "2006.05.05"]
[EventType "tourn (corr)"]
[EventRounds "2"]
[SourceTitle "Corr 2008"]
[Source "ChessBase"]
[SourceDate "2008.06.24"]
[SourceVersion "1"]
[SourceVersionDate "2008.06.24"]
[SourceQuality "1"]

1. e4 e5 2. Nf3 Bc5 3. Nxe5 d6 4. Nf3 Nf6 5. d4 Bb6 6. Nc3 0-0 7. Bd3 Nc6 8. d5 Nd4 9. h3 Nd7 10. 0-0 Nxf3+ 11. Qxf3 Ne5 12. Qg3 Nxd3 13. Qxd3 f5 14. Be3 f4 15. Bxb6 axb6 16. Rfe1 f3 17. Re3 fxg2 18. Kxg2 Qh4 19. Rg3 Bd7 20. Rg1 Rf7 21. Kh1 c5 22. Qf1 Kh8 23. Qg2 g6 24. Rf3 Raf8 25. Rxf7 Rxf7 26. Qg3 Qh5 27. f4 Bxh3 28. Re1 g5 29. Qxg5 Qf3+ 30. Kh2 Qf2+ 31. Kxh3 Qxe1 32. Qd8+ Kg7 33. Qxd6 Qe3+ 34. Kg4 h5+ 35. Kxh5 Rxf4 36. Qe7+ Kg8 37. Qg5+ Kf7 38. Qg6+ Kf8 1/2-1/2

[Event "IECG QD.2006.0.00090"]
[Site "IECG email"]
[Date "2006.05.05"]
[Round "?"]
[White "Michos, Dionyssios"]
[Black "Carbec, Lorient"]
[Result "1-0"]
[WhiteElo "1495"]
[BlackElo "1450"]
[PlyCount "55"]
[EventDate "2006.05.05"]
[EventType "tourn (corr)"]
[EventRounds "2"]
[SourceTitle "Corr 2008"]
[Source "ChessBase"]
[SourceDate "2008.06.24"]
[SourceVersion "1"]
[SourceVersionDate "2008.06.24"]
[SourceQuality "1"]

1. e4 e5 2. Nf3 Nc6 3. Bb5 a6 4. Ba4 Nf6 5. 0-0 Be7 6. Re1 b5 7. Bb3 d6 8. c3 0-0 9. h3 Bb7 10. d4 exd4 11. cxd4 Na5 12. Bc2 Re8 13. Bf4 Nc4 14. b3 Nb6 15. a4 bxa4 16. bxa4 Nc4 17. Nbd2 Nxd2 18. Nxd2 a5 19. Qb1 Rb8 20. Nb3 c6 21. e5 dxe5 22. Bxe5 Bb4 23. Re3 Rc8 24. Bxf6 Qxf6 25. Bxh7+ Kh8 26. Be4 Rb8 27. Qd1 Kg8 28. Qc2 1-0